000 00714nam a2200205Ii 4500
003 JO-AjNU
008 230605s9999||||xx |||||||||||||| ||und||
040 _aJO-AjNU
_bara
_erda
_cJO-AjNU
041 _aara
050 1 4 _aBP136.48.M257 1980
100 3 _aالمديني، علي بن عبد الله بن جعفر السعدي ، تحقيق:محمد مصطفى الاعظمي,
_eauthor
_916791
245 0 0 _aالعلل
250 _aط2
264 3 1 _aبيروت-دمشق: المكتب الاسلامي، 1980
300 _a127ص
336 _atext
_btxt
_2rdacontent
337 _aunmediated
_bn
_2rdamedia
338 _avolume
_bnc
_2rdacarrier
650 4 _aكتب العلل- الحديث- مصطلح
_916792
999 _aA5055
_c8623
_d8623